Nanoimprinting and its Applications /
Na minha lista:
| Autor principal: | |
|---|---|
| Formato: | Livro |
| Idioma: | inglês |
| Publicado em: |
New York :
CRC Press Lewis Publishers,
2019
|
| Acesso em linha: | https://www.crcpress.com/Nanoimprinting-and-its-Applications/Miyauchi/p/book/9789814800372 |
| Tags: |
Sem tags, seja o primeiro a adicionar uma tag!
|
MARC
| LEADER | 00000nam a22000003a 4500 | ||
|---|---|---|---|
| 001 | 0079328 | ||
| 003 | SK-STU | ||
| 005 | 20200922102845.3 | ||
| 007 | ta | ||
| 008 | 200113s ----xo-----e------000-0-----d | ||
| 020 | |a 978-04-2903-192-2 | ||
| 040 | |a STU |b slo | ||
| 041 | 0 | |a eng | |
| 044 | |a xxu | ||
| 100 | 1 | |a Miyauchi, Akihiro |4 aut |r Z6 | |
| 245 | 1 | 0 | |a Nanoimprinting and its Applications / |c aut. Akihiro Miyauchi |
| 260 | |a New York : |b CRC Press Lewis Publishers, |c 2019 | ||
| 300 | |a 198 s., |b 178 s. ilustrácií | ||
| 500 | |a e-book | ||
| 856 | 4 | 0 | |u https://www.crcpress.com/Nanoimprinting-and-its-Applications/Miyauchi/p/book/9789814800372 |
| 996 | |b 284EK90094 |c E*90094 |l EE33 |s P |a 0 |w 0079328_0001 | ||